000
00331nam a2200145Ia 4500
003
OSt
005
20240113104746.0
008
170524s9999 xx 000 0 und d
020
_a
9789380097633
040
_c
IIMTU
100
_a
YADAV
245
0
_a
WORKSHOP TECHNOLOGY- II
260
_b
NEW DELHI: VAYU EDUCATION
942
_2
ddc
_c
02
999
_c
7589
_d
7589